000 00565nam a22001937a 4500
003 BUBTL
008 200125b xxu||||| |||| 00| 0 eng d
020 _a9789842003691
082 _a891.441 / T129g
100 _92957
_aTagore, Rabindranath
245 _aGitanjali /
_cRabindranath Tagore
250 _a1st ed.
260 _aDhaka :
_bAdorn Books,
_cc2014.
300 _axxxv, 334 p. :
_bill. ;
_c22 cm.
650 0 _91687
_aবাংলা সাহিত্য
856 _k0
_l0
_yDownload
942 _2ddc
_cBK
999 _c6257
_d6257